|
|
|
|
| LEADER |
00937nam a2200241 a 4500 |
| 001 |
2939410 |
| 008 |
100118s1989 ii b 001 0 eng d |
| 010 |
|
|
|a 89903287
|
| 020 |
|
|
|a 0706943791 :
|c Rs150.00
|
| 040 |
|
|
|a DLC
|c DLC
|d DLC
|d DB-DhAAL
|
| 082 |
0 |
0 |
|a 307.1/412
|2 20
|
| 100 |
1 |
|
|a Mathur, Hari Mohan.
|
| 245 |
1 |
0 |
|a Anthropology and development in traditional societies /
|c Hari Mohan Mathur.
|
| 260 |
|
|
|a New Delhi :
|b Vikas Pub. House,
|c 1989.
|
| 300 |
|
|
|a vii, 167 p. ;
|c 22 cm.
|
| 504 |
|
|
|a Includes Bibliography: (p. [143]-162) and index.
|
| 541 |
1 |
|
|e 00004299
|
| 650 |
|
0 |
|a Applied anthropology.
|
| 650 |
|
0 |
|a Economic development
|x Social aspects.
|
| 650 |
|
0 |
|a Rural development.
|
| 852 |
4 |
|
|a Ayesha Abed Library
|j General Shelf.
|
| 999 |
|
|
|c 7063
|d 7063
|
| 952 |
|
|
|0 0
|1 0
|2 ddc
|4 0
|6 307_141200000000000_MAT_1989
|7 0
|9 7335
|a BRACUL
|b BRACUL
|c GEN
|d 2010-01-21
|g 2123.00
|l 1
|o 307.1412 MAT
|p 3010004299
|r 2010-05-19
|s 2010-05-19
|t 1
|w 2010-01-21
|y BK
|